01071nam a2200253 a 4500001000400000003001000004005001700014008004100031020001500072040002500087080001700112090001700129245022400146260004200370300001900412650002700431650002600458700006100484700007000545700005600615942001200671952012100683999001300804568BR-CuiBMT20231109194631.0231109s2006 rjb 000 0 por d a8573877936 aBR-CuiBMTcBR-CuiBMT 22007a342.95 a342.95bD5981 aDireito administrativo empresarial /cMarcos Juruena Villela Souto, coordenador geral ; Simone de Almeida Carrasqueira, coordenação executiva ... [et al.]. ; autores Aline Paola C.B. Camara de Almeida ... [et al.]. aRio de Janeiro :bLumen juris,c2006. a419 p.:c23 cm aDireito administrativo aDireito internacional 4coord. geralaSouto, Marcos Juruena Villela,d1963-2010. 4coord. executivaaCarrasqueira, Simone de Almeida e... [et al.]. aAlmeida, Aline Paola C.B. Camara dee ... [et al.]. 2udccLV 00102udc4070aBIBTCEMTbBIBTCEMTd2013-04-02l0o342.95 D598pBIBTCEMT23110372r2023-11-09tEx. 1w2023-11-09yLV c568d568